Stimulating Economic Recovery through Euro Area Growth Poles: Call for More Directed Unconventional Monetary Policy Measures?
Skóre pólov rastu pre 19 krajín eurozóny a ich porovnanie s oficiálnym distribučným kľúčom, používaným na prenos novovytvoreného zdroja financovania. Oficiálny distribučný kľúč nemusí byť úplne optimálny vzhľadom na skóre pólov rastu. Krajiny s malou ekonomickou veľkosťou (pobaltské štáty, Slovensko...
Uložené v:
| Hlavný autor: | |
|---|---|
| Ďalší autori: | |
| Médium: | Kapitola |
| Jazyk: | English |
| Predmet: | |
| Tagy: |
Žiadne tagy, Buďte prvý, kto otaguje tento záznam!
|
MARC
| LEADER | 00000naa a2200000 4500 | ||
|---|---|---|---|
| 001 | 0240931 | ||
| 005 | 20240502083646.2 | ||
| 041 | 0 | |a eng | |
| 044 | |a PL | ||
| 245 | 1 | 0 | |a Stimulating Economic Recovery through Euro Area Growth Poles: Call for More Directed Unconventional Monetary Policy Measures? |c Jana Kotlebová, Mária Širaňová |
| 520 | |a Skóre pólov rastu pre 19 krajín eurozóny a ich porovnanie s oficiálnym distribučným kľúčom, používaným na prenos novovytvoreného zdroja financovania. Oficiálny distribučný kľúč nemusí byť úplne optimálny vzhľadom na skóre pólov rastu. Krajiny s malou ekonomickou veľkosťou (pobaltské štáty, Slovensko a Slovinsko) by mali prospech z diferencovanejšieho rozdelenia. Výrazne prevyšujú svoju referenčnú hodnotu, stanovenú oficiálnym distribučným kľúčom. No veľké ekonomiky eurozóny nedosahujú úrovne, používané v oficiálnom distribučnom kľúči, berúc do úvahy ich potenciál rastového pólu pre ostatné ekonomiky eurozóny. | ||
| 610 | 2 | 0 | |a eurozóna |
| 610 | 2 | 0 | |a rast hospodársky |
| 610 | 2 | 0 | |a politika menová |
| 610 | 2 | 0 | |a analýza sieťová |
| 610 | 2 | 0 | |a simulácia |
| 100 | 1 | |a Kotlebová, Jana, 1969- | |
| 700 | 1 | |a Širaňová, Mária | |